MARC

LEADER 00000nam0a2200000 4500
001 288543
005 20231102000111.0
020 |a RU  |b 85-46103 
035 |a (RuTPU)RU\TPU\book\313020 
090 |a 288543 
100 |a 20150325d1985 k y0rusy5003 ca 
101 0 |a rus 
102 |a RU 
105 |a a z 001zy 
200 1 |a Прогрессивная технология в сварочном производстве  |e сборник научных трудов  |f Воронежский политехнический институт (ВПИ) ; под ред. Ф. Н. Рыжкова 
210 |a Воронеж  |c Изд-во ВПИ  |d 1985 
215 |a 121 с.  |c ил. 
320 |a Библиография в конце статей 
606 1 |a Сварочное производство  |2 stltpush  |3 (RuTPU)RU\TPU\subj\54028  |9 72190 
610 1 |a сварка 
610 1 |a прогрессивные технологии 
610 1 |a сварные детали 
610 1 |a сварные соединения 
610 1 |a сварные швы 
610 1 |a сварные конструкции 
675 |a 621.791  |z rus  |v 4 
702 1 |a Рыжков  |b Ф. Н.  |4 340 
712 0 2 |a Воронежский политехнический институт (ВПИ)  |c (1962-1992)  |2 stltpush  |3 (RuTPU)RU\TPU\col\314 
801 0 |a RU  |b RuMRKP  |c 19950704  |g psbo 
801 1 |a RU  |b 63413507  |c 20150325 
801 2 |a RU  |b 63413507  |c 20170706  |g RCR 
942 |c BK